[Event "Freiherr-vom-Stein - Humboldt-Schule"]
[Site "Internet Schulschachpokal"]
[Date "2004.01.23"]
[Round "1"]
[White "fvs0104 (Konstantin Bubulz)"]
[Black "Rudiriese (Rudi Riese)"]
[Result "1-0"]
[WhiteElo "1675"]
[BlackElo "1879"]
[PlyCount "27"]
[EventDate "2003.11.19"]

1. d4 Nf6 2. c4 g6 3. Nc3 Bg7 4. e4 O-O 5. Nf3 d6 6. Be2 Na6 7. O-O e5 8. Be3
Ng4 9. Bg5 Qe8 10. h3 h6 11. Bh4 Nf6 12. dxe5 dxe5 13. Bg3 Nh5 14. Bh2 {
wegen Verbindungsabruch} 1-0

[Event "Freiherr-vom-Stein - Humboldt-Schule"]
[Site "Internet Schulschachpokal"]
[Date "2004.01.23"]
[Round "1"]
[White "fvs0101 (Patrick Ewald)"]
[Black "cncgott (Thomas Claus)"]
[Result "1-0"]
[WhiteElo "1727"]
[BlackElo "2064"]
[PlyCount "42"]
[EventDate "2003.11.19"]

1. d4 Nf6 2. Bg5 e6 3. e4 Be7 4. Nd2 d6 5. f4 O-O 6. Ngf3 h6 7. Bxf6 Bxf6 8. c3
c5 9. Nb3 b6 10. Bd3 Bb7 11. O-O c4 12. Bxc4 Bxe4 13. Bd3 Bxd3 14. Qxd3 Nd7 15.
Rfe1 Rc8 16. Rad1 Qc7 17. f5 e5 18. dxe5 Nxe5 19. Qxd6 Nxf3+ 20. gxf3 Qc4 21.
Re4 Qa6 {wegen Verbindungsabruch} 1-0

[Event "Freiherr-vom-Stein - Humboldt-Schule"]
[Site "Internet Schulschachpokal"]
[Date "2004.01.23"]
[Round "1"]
[White "fvs0103 (Christopher Hertwig)"]
[Black "Master-Pimp (Franziska Beltz)"]
[Result "0-1"]
[WhiteElo "1717"]
[BlackElo "1926"]
[PlyCount "48"]
[EventDate "2003.11.19"]

1. c4 c5 2. Nf3 b6 3. g3 Bb7 4. Bg2 e6 5. O-O Nf6 6. Nc3 Be7 7. b3 O-O 8. Bb2
d5 9. e3 Nbd7 10. cxd5 Nxd5 11. d4 N7f6 12. dxc5 Bxc5 13. Na4 Be7 14. Rc1 Rc8
15. Qe2 Qd7 16. Rfd1 Rxc1 17. Bxc1 Qc8 18. Bb2 Ba6 19. Qe1 Bb4 20. Nd2 Qc2 21.
Bf1 Bxf1 22. Kxf1 Ne4 23. Bc1 Nec3 24. Nxc3 Nxc3 0-1

[Event "Freiherr-vom-Stein - Humboldt-Schule"]
[Site "Internet Schulschachpokal"]
[Date "2004.01.23"]
[Round "2"]
[White "Rudiriese (Rudi Riese)"]
[Black "fvs0102 (Stefanie Schulz)"]
[Result "1-0"]
[WhiteElo "1829"]
[BlackElo "1863"]
[PlyCount "49"]
[EventDate "2003.11.19"]

1. e4 e5 2. f4 exf4 3. Nf3 g5 4. Bc4 g4 5. O-O gxf3 6. Qxf3 Bh6 7. d4 Nc6 8.
Bxf4 Nxd4 9. Bxf7+ Kxf7 10. Qh5+ Kg7 11. Be5+ Nf6 12. Bxf6+ Qxf6 13. Rxf6 Kxf6
14. Qxh6+ Kf7 15. Qh5+ Kf6 16. e5+ Ke6 17. Qh6+ Kd5 18. Nc3+ Kc5 19. Qe3 d6 20.
Ne4+ Kd5 21. exd6 cxd6 22. Rd1 Bf5 23. Qxd4+ Kc6 24. Qxd6+ Kb5 25. Rd5+ 1-0

[Event "Freiherr-vom-Stein - Humboldt-Schule"]
[Site "Internet Schulschachpokal"]
[Date "2004.01.23"]
[Round "2"]
[White "Master-Pimp (Franziska Beltz)"]
[Black "fvs0104 (Konstantin Bubulz)"]
[Result "1-0"]
[WhiteElo "1934"]
[BlackElo "1702"]
[PlyCount "39"]
[EventDate "2003.11.19"]

1. e4 e6 2. d3 d5 3. Nd2 Nf6 4. g3 c5 5. Bg2 Nc6 6. c3 Be7 7. f4 O-O 8. Ngf3 c4
9. e5 Ng4 10. Qe2 cxd3 11. Qxd3 Qb6 12. Nd4 f6 13. exf6 Bxf6 14. N2b3 e5 15.
Bxd5+ Kh8 16. h3 exd4 17. hxg4 Re8+ 18. Kf2 dxc3+ 19. Be3 Qc7 20. Qxh7# 1-0

[Event "Freiherr-vom-Stein - Humboldt-Schule"]
[Site "Internet Schulschachpokal"]
[Date "2004.01.23"]
[Round "2"]
[White "cncgott (Thomas Claus)"]
[Black "fvs0103 (Christopher Hertwig)"]
[Result "0-1"]
[WhiteElo "2033"]
[BlackElo "1709"]
[PlyCount "78"]
[EventDate "2003.11.19"]

1. d4 Nf6 2. c4 g6 3. Nc3 d5 4. e3 Bg7 5. Nf3 O-O 6. cxd5 Nxd5 7. Bc4 Nxc3 8.
bxc3 c5 9. O-O Nd7 10. Ba3 Qa5 11. Qb3 b5 12. Bd5 Rb8 13. dxc5 Bxc3 14. Rac1 b4
15. c6 Nc5 16. Qc2 Qxa3 17. c7 Rb6 18. Rfd1 Rd6 19. e4 Qa5 20. e5 Rd7 21. Bxf7+
Rxf7 22. Ng5 Rf8 23. a3 Rxc7 24. axb4 Bxb4 25. Qc4+ e6 26. Rd6 Ba6 27. Qh4 Bd2
28. Rd1 Bxg5 29. Qxg5 Ne4 30. Qe3 Nxd6 31. exd6 Rcf7 32. d7 Bc4 33. f3 Qb6 34.
Qxb6 axb6 35. Kf2 Bd5 36. Ke3 Rxd7 37. g4 Rxf3+ 38. Ke2 Bc4+ 39. Ke1 Rf1# 0-1

[Event "Freiherr-vom-Stein - Humboldt-Schule"]
[Site "Internet Schulschachpokal"]
[Date "2004.01.23"]
[Round "2"]
[White "felix_h (Beltz)"]
[Black "fvs0101 (Patrick Ewald)"]
[Result "1-0"]
[WhiteElo "1831"]
[BlackElo "1759"]
[PlyCount "111"]
[EventDate "2003.11.19"]

1. e4 c5 2. Nf3 Nc6 3. d4 cxd4 4. Nxd4 Nf6 5. Nc3 Qb6 6. Nb3 a6 7. Be3 Qc7 8.
Be2 e6 9. O-O Be7 10. f4 d6 11. Bf3 O-O 12. g4 h6 13. Kh1 Nh7 14. f5 Bg5 15.
Bf2 b5 16. h4 Bf4 17. Ne2 e5 18. Nxf4 exf4 19. Qd2 g5 20. Rad1 Ne5 21. Nd4 Nf6
22. hxg5 hxg5 23. b3 Nxf3 24. Nxf3 Nxe4 25. Qd4 Bb7 26. Kg2 f6 27. Rfe1 Rfe8
28. Rxe4 Rxe4 29. Qxf6 Qg7 30. Qxd6 Rc8 31. Rd2 Rce8 32. f6 Qg6 33. Qd7 Bc8 34.
Qd5+ Kh7 35. f7 Rh8 36. Nxg5+ Kg7 37. Qxe4 Qxg5 38. Bd4+ Kxf7 39. Bxh8 Qxg4+
40. Kf2 Qg3+ 41. Ke2 Bg4+ 42. Kf1 Qh3+ 43. Rg2 Qh1+ 44. Kf2 Qh4+ 45. Kg1 Bh3
46. Qb7+ Ke6 47. Qc6+ Kf7 48. Qc7+ Qe7 49. Qxe7+ Kxe7 50. Rf2 Bf5 51. Rxf4 Bxc2
52. Bc3 Bb1 53. a3 Ba2 54. b4 Bc4 55. Rf6 Kd7 56. Kf2 1-0

[Event "Freiherr-vom-Stein - Humboldt-Schule"]
[Site "Internet Schulschachpokal"]
[Date "2004.01.23"]
[Round "3"]
[White "fvs0101 (Patrick Ewald)"]
[Black "Rudiriese (Rudi Riese)"]
[Result "0-1"]
[WhiteElo "1744"]
[BlackElo "1861"]
[PlyCount "90"]
[EventDate "2003.11.19"]

1. d4 Nf6 2. Bg5 e6 3. e4 h6 4. Bxf6 Qxf6 5. Nf3 c5 6. Be2 cxd4 7. Qxd4 Qxd4 8.
Nxd4 Bc5 9. c3 Nc6 10. Nxc6 bxc6 11. Nd2 d5 12. Nb3 Bb6 13. Bf3 a5 14. a4 Rb8
15. Nd2 O-O 16. O-O Rd8 17. Rad1 Ba6 18. Rfe1 Bc5 19. b3 Bd3 20. Be2 Bc2 21.
Rc1 Bxb3 22. Nxb3 Rxb3 23. exd5 cxd5 24. Bb5 Rb2 25. Rf1 e5 26. Rb1 Bxf2+ 27.
Kh1 Rxb1 28. Rxb1 Rc8 29. Rc1 Be3 30. Rc2 d4 31. c4 d3 32. Ra2 d2 33. Ra1 Rd8
34. Rd1 e4 35. g3 Bc5 36. Kg2 e3 37. Kf3 g5 38. h3 f5 39. Bc6 g4+ 40. hxg4
fxg4+ 41. Ke2 Rf8 42. Bd5+ Kg7 43. Rh1 Rf2+ 44. Kd1 Bb4 45. c5 e2+ 0-1

[Event "Freiherr-vom-Stein - Humboldt-Schule"]
[Site "Internet Schulschachpokal"]
[Date "2004.01.23"]
[Round "3"]
[White "fvs0104 (Konstantin Bubulz)"]
[Black "cncgott (Thomas Claus)"]
[Result "0-1"]
[WhiteElo "1695"]
[BlackElo "2002"]
[PlyCount "128"]
[EventDate "2003.11.19"]

1. d4 Nf6 2. c4 g6 3. Nc3 Bg7 4. e4 d6 5. Nf3 O-O 6. Be2 e5 7. O-O Nbd7 8. Rb1
Re8 9. d5 a5 10. a3 Nc5 11. Nd2 a4 12. b4 axb3 13. f3 Bd7 14. Nxb3 Nxb3 15.
Qxb3 b6 16. Be3 Nh5 17. a4 Nf4 18. Ra1 Qg5 19. Rf2 Nh3+ 20. Kf1 Qxe3 21. gxh3
Bxh3+ 22. Ke1 Bf6 23. Qc2 Bh4 24. Nd1 Qd4 25. Ra3 Ra5 26. Bf1 Bd7 27. Ne3 Rea8
28. Ng4 Bxg4 29. fxg4 Qxf2+ 30. Qxf2 Bxf2+ 31. Kxf2 Rxa4 32. Rb3 Ra2+ 33. Kg3
R8a3 34. Rxa3 Rxa3+ 35. Kf2 Kg7 36. h4 f5 37. gxf5 gxf5 38. exf5 Kf6 39. Be2
Kxf5 40. Kg2 Kf4 41. Kf2 h6 42. Kg2 Ke3 43. Bf1 Kd2 44. Kf2 e4 45. Bg2 Re3 46.
Kf1 Re1+ 47. Kf2 Re2+ 48. Kg3 Rxg2+ 49. Kxg2 e3 50. Kg3 e2 51. Kg4 e1=Q 52. Kh5
Qe5+ 53. Kxh6 Qh8+ 54. Kg5 Kd3 55. h5 Kxc4 56. Kg6 Kxd5 57. h6 b5 58. h7 b4 59.
Kh6 b3 60. Kg6 b2 61. Kh6 b1=R 62. Kg6 Rg1+ 63. Kh6 Rg7 64. Kh5 Qxh7# 0-1

[Event "Freiherr-vom-Stein - Humboldt-Schule"]
[Site "Internet Schulschachpokal"]
[Date "2004.01.23"]
[Round "3"]
[White "fvs0102 (Stefanie Schulz)"]
[Black "Master-Pimp (Franziska Beltz)"]
[Result "0-1"]
[WhiteElo "1776"]
[BlackElo "1942"]
[PlyCount "104"]
[EventDate "2003.11.19"]

1. e4 c5 2. Nf3 d6 3. d4 cxd4 4. Bc4 e6 5. O-O Be7 6. Nxd4 Nf6 7. Nc3 a6 8. a3
O-O 9. Kh1 Qc7 10. Bb3 Nc6 11. f4 Na5 12. Ba2 b5 13. Nf3 Bb7 14. Qe1 Rac8 15.
e5 Ne8 16. Bd2 Nc4 17. Bxc4 Qxc4 18. Rd1 a5 19. Be3 b4 20. axb4 axb4 21. Na2
Qxa2 22. Qxb4 Qa6 23. exd6 Bxd6 24. Qb3 Nf6 25. Nd4 Bd5 26. Qb5 Qxb5 27. Nxb5
Bc5 28. Bxc5 Rxc5 29. Nc3 Rb8 30. f5 h6 31. fxe6 Bxe6 32. Rb1 Rc6 33. Ne2 Rxc2
34. Nd4 Rcxb2 35. Rxb2 Rxb2 36. Nxe6 fxe6 37. h3 e5 38. Re1 e4 39. Re3 Rd2 40.
Kh2 Rd3 41. Re2 Kf7 42. Kg1 Ke6 43. Kf2 Ke5 44. Ra2 Nd5 45. Rc2 e3+ 46. Ke2
Nf4+ 47. Ke1 e2 48. Kf2 Rd1 49. Rxe2+ Nxe2 50. Kxe2 Ra1 51. Kf3 Ra3+ 52. Kg4 g6
0-1

[Event "Freiherr-vom-Stein - Humboldt-Schule"]
[Site "Internet Schulschachpokal"]
[Date "2004.01.23"]
[Round "3"]
[White "fvs0103 (Christopher Hertwig)"]
[Black "felix_h (Beltz)"]
[Result "1/2-1/2"]
[WhiteElo "1740"]
[BlackElo "1871"]
[PlyCount "151"]
[EventDate "2003.11.19"]

1. c4 Nf6 2. Nf3 d6 3. Nc3 Nc6 4. d4 g6 5. e4 Bg7 6. Be2 O-O 7. O-O Nd7 8. a3
e5 9. d5 Ne7 10. Nd2 f5 11. f3 f4 12. b4 g5 13. Nb3 h5 14. c5 Nf6 15. Bb2 g4
16. Rc1 Ng6 17. cxd6 cxd6 18. Nb5 Rf7 19. Rc2 a6 20. Nc3 g3 21. hxg3 fxg3 22.
Bc4 Nh7 23. Re1 Qh4 24. Bc1 Qh2+ 25. Kf1 Qh1+ 26. Ke2 Qxg2+ 27. Kd3 Qxf3+ 28.
Qxf3 Rxf3+ 29. Re3 Nf4+ 30. Kd2 Rxe3 31. Kxe3 g2 32. Kf2 h4 33. Bxf4 exf4 34.
Kxg2 h3+ 35. Kh2 Be5 36. Nd1 Bd7 37. Nf2 f3+ 38. Kh1 h2 39. Nd2 Ng5 40. Bf1 Kf7
41. Nc4 Rh8 42. Nxe5+ dxe5 43. Rc7 Ke7 44. Rxb7 Rc8 45. Kxh2 Rc2 46. Kg3 Rc1
47. Bh3 Nxh3 48. Nxh3 Rc3 49. Ng5 Rxa3 50. Nxf3 Kd6 51. Rb6+ Kc7 52. Rf6 Be8
53. Kf2 Rb3 54. Nxe5 Rxb4 55. Rf4 a5 56. Rf8 Bb5 57. Rf7+ Kd6 58. Rf5 Rxe4 59.
Nf7+ Kd7 60. d6 a4 61. Rxb5 a3 62. Ra5 Rf4+ 63. Ke3 Rxf7 64. Ra7+ Ke6 65. Rxa3
Kxd6 66. Ra6+ Ke7 67. Ra7+ Kf6 68. Ra6+ Kg7 69. Ke4 Re7+ 70. Kf5 Rf7+ 71. Kg5
Rb7 72. Rg6+ Kf7 73. Rh6 Rb5+ 74. Kf4 Kg7 75. Rd6 Kf7 76. Rd7+ 1/2-1/2

[Event "Freiherr-vom-Stein - Humboldt-Schule"]
[Site "Internet Schulschachpokal"]
[Date "2004.01.23"]
[Round "4"]
[White "Rudiriese (Rudi Riese)"]
[Black "fvs0103 (Christopher Hertwig)"]
[Result "1-0"]
[WhiteElo "1878"]
[BlackElo "1747"]
[PlyCount "49"]
[EventDate "2003.11.19"]

1. e4 e6 2. d4 d5 3. e5 c5 4. c3 Qb6 5. Nf3 Nc6 6. a3 Bd7 7. b4 cxd4 8. cxd4
Rc8 9. Bb2 Na5 10. Nbd2 Nc4 11. Nxc4 dxc4 12. Rc1 Qa6 13. d5 exd5 14. Qxd5 Ne7
15. Qd6 Nc6 16. Qd2 b5 17. Be2 Be7 18. O-O O-O 19. Qxd7 Rfd8 20. Qg4 Qb6 21.
Ng5 h6 22. Nxf7 Kxf7 23. e6+ Ke8 24. Qg6+ Kf8 25. Qf7# 1-0

[Event "Freiherr-vom-Stein - Humboldt-Schule"]
[Site "Internet Schulschachpokal"]
[Date "2004.01.23"]
[Round "4"]
[White "felix_h (Beltz)"]
[Black "fvs0104 (Konstantin Bubulz)"]
[Result "1-0"]
[WhiteElo "1854"]
[BlackElo "1690"]
[PlyCount "97"]
[EventDate "2003.11.19"]

1. e4 e6 2. d4 d5 3. e5 c5 4. c3 Qb6 5. Nf3 Nc6 6. a3 Bd7 7. Be2 cxd4 8. cxd4
Rc8 9. O-O Nge7 10. b4 Nf5 11. Be3 Nxe3 12. fxe3 Be7 13. Nbd2 O-O 14. Nb3 f6
15. exf6 Bxf6 16. Nc5 Rc7 17. Na4 Nxd4 18. Nxb6 Nxf3+ 19. Bxf3 axb6 20. Rc1 Rc6
21. Qd3 Rfc8 22. Rxc6 bxc6 23. Bd1 c5 24. Bc2 c4 25. Qxh7+ Kf8 26. Rxf6+ gxf6
27. Qxd7 Re8 28. Bg6 Re7 29. Qd8+ Kg7 30. Qxe7+ Kxg6 31. Qxe6 b5 32. Qxd5 f5
33. Qxb5 c3 34. Qc6+ Kg5 35. Qxc3 Kg4 36. Qf6 f4 37. h3+ Kh5 38. Qxf4 Kg6 39.
g4 Kg7 40. Qd6 Kf7 41. g5 Kg7 42. Qf6+ Kh7 43. g6+ Kh6 44. g7+ Kh5 45. Qf7+ Kh6
46. e4 Kg5 47. g8=Q+ Kh6 48. Qf6+ Kh5 49. Qgg6# 1-0

[Event "Freiherr-vom-Stein - Humboldt-Schule"]
[Site "Internet Schulschachpokal"]
[Date "2004.01.23"]
[Round "4"]
[White "Master-Pimp (Franziska Beltz)"]
[Black "fvs0101 (Patrick Ewald)"]
[Result "1-0"]
[WhiteElo "1952"]
[BlackElo "1732"]
[PlyCount "75"]
[EventDate "2003.11.19"]

1. e4 c5 2. Nf3 Nc6 3. d4 cxd4 4. Nxd4 Nf6 5. Nc3 Qb6 6. Nb3 a6 7. Be3 Qc7 8.
Be2 e6 9. f4 d6 10. O-O Be7 11. Bf3 O-O 12. Qe2 b5 13. a3 Bb7 14. g4 h6 15. Qg2
Rfd8 16. Rad1 Nh7 17. g5 hxg5 18. fxg5 g6 19. Qg4 Ne5 20. Qh4 f6 21. gxf6 Bxf6
22. Qf2 Qg7 23. Nd4 Nxf3+ 24. Qxf3 Bxd4 25. Bxd4 e5 26. Be3 Rf8 27. Qg4 Rxf1+
28. Rxf1 Bc8 29. Qh4 Be6 30. Bh6 Qd7 31. Nd5 Bxd5 32. exd5 Rc8 33. Qg3 Qa7+ 34.
Kh1 g5 35. Bxg5 Nxg5 36. Qxg5+ Qg7 37. Qf5 Rc5 38. Rg1 1-0

[Event "Freiherr-vom-Stein - Humboldt-Schule"]
[Site "Internet Schulschachpokal"]
[Date "2004.01.23"]
[Round "4"]
[White "cncgott (Thomas Claus)"]
[Black "fvs0102 (Stefanie Schulz)"]
[Result "1/2-1/2"]
[WhiteElo "2007"]
[BlackElo "1734"]
[PlyCount "192"]
[EventDate "2003.11.19"]

1. d4 d5 2. c4 e6 3. Nf3 c5 4. g3 Nf6 5. Bg2 Nc6 6. O-O Be7 7. dxc5 Bxc5 8.
cxd5 exd5 9. Nbd2 Be6 10. Nb3 Bb6 11. Bg5 h6 12. Bf4 O-O 13. e3 Nh5 14. Be5
Nxe5 15. Nxe5 Nf6 16. Nd4 Qd6 17. Nef3 Rac8 18. Qb3 a6 19. Rac1 Ne4 20. Rfd1
Nc5 21. Qa3 Qd7 22. Ne5 Qd6 23. Nd3 Rfd8 24. Nxc5 Bxc5 25. Qd3 b5 26. Nb3 Ba7
27. Rxc8 Bxc8 28. Qxd5 Qxd5 29. Rxd5 Rxd5 30. Bxd5 Kf8 31. Kg2 Ke7 32. Kf3 f5
33. h3 Kd6 34. Bg8 g5 35. Ke2 f4 36. exf4 gxf4 37. g4 Ke5 38. Bh7 Bb7 39. a3
f3+ 40. Ke1 Bd5 41. Nd2 Bd4 42. b3 Bc3 43. Kd1 Bxd2 44. Kxd2 Bxb3 45. Ke3 Bd5
46. Bd3 Bc6 47. h4 a5 48. g5 hxg5 49. hxg5 b4 50. axb4 axb4 51. g6 Kf6 52. Kd4
b3 53. Kc3 Bd5 54. Kd4 Be6 55. Ke3 Bd5 56. Kd4 Bb7 57. Kc5 Kg7 58. Kd6 Kf6 59.
Kd7 b2 60. Ke8 Kg7 61. Ke7 Ba6 62. Bb1 Bb5 63. Kd8 Kf8 64. Kc7 Be8 65. Kd8 Bb5
66. Kc7 Ba4 67. Kd8 Bc6 68. Kc7 Bd5 69. Kd6 Bc4 70. Ke5 Kg7 71. Kd4 Bb5 72. Kc3
Be8 73. Kxb2 Bxg6 74. Ba2 Kf6 75. Kc3 Ke5 76. Kd2 Kd4 77. Be6 Be4 78. Bg4 Bc6
79. Bh5 Be4 80. Bf7 Bc6 81. Bg6 Bd5 82. Ke1 Kc3 83. Kf1 Kd2 84. Bh5 Bc4+ 85.
Kg1 Bd5 86. Kh2 Ke1 87. Kg3 Ke2 88. Bg4 Bc6 89. Be6 Be4 90. Bc4+ Ke1 91. Ba6
Bd5 92. Bd3 Bb7 93. Bf5 Ke2 94. Bg4 Bc6 95. Bxf3+ Bxf3 96. Kf4 Kxf2 1/2-1/2

[Event "Leibniz - Hettstedt"]
[Site "Internet Schulschachpokal"]
[Date "2004.01.23"]
[Round "1"]
[White "debodo (Dennes Abel)"]
[Black "Mabi (Martin Bilsing)"]
[Result "1-0"]
[WhiteElo "1916"]
[BlackElo "1778"]
[PlyCount "143"]
[EventDate "2003.11.19"]

1. d4 d5 2. c4 e6 3. Nc3 Nf6 4. Bg5 Bb4 5. e3 O-O 6. Nf3 h6 7. Bh4 dxc4 8. Bxc4
Nbd7 9. O-O b6 10. d5 Bxc3 11. bxc3 exd5 12. Bxd5 Rb8 13. Bc6 Bb7 14. Nd4 Qc8
15. Nf5 Re8 16. Bxf6 Nxf6 17. Bxe8 Qxf5 18. Ba4 Qe4 19. f3 Qxe3+ 20. Kh1 Qxc3
21. Bb3 c5 22. Qd6 Rf8 23. Qe7 Ba6 24. Rfe1 c4 25. Rad1 cxb3 26. Qxf8+ Kh7 27.
axb3 Qxb3 28. Qd6 Bc4 29. Qd2 b5 30. Rb1 Qa3 31. Rbd1 Qb3 32. Qc1 a5 33. Re3
Qb4 34. Qc2+ g6 35. Qc3 Qxc3 36. Rxc3 a4 37. Rdc1 Be6 38. Rb1 Bc4 39. Rb4 Nd5
40. Rcxc4 bxc4 41. Rxc4 a3 42. Ra4 Kg7 43. Rxa3 h5 44. Ra5 Nf6 45. g3 Ne8 46.
Kg2 Nf6 47. Kf2 Ne8 48. Ke3 Nd6 49. Rd5 Nf5+ 50. Kf4 Ne7 51. Rd7 Ng8 52. Ke5
Nf6 53. Ra7 Ne8 54. g4 hxg4 55. fxg4 Nf6 56. h3 Ne8 57. g5 Kf8 58. Rb7 Kg7 59.
Kd5 Kf8 60. Kc6 Ng7 61. Kd7 Nf5 62. Rb8+ Kg7 63. Rd8 Nh4 64. Ke8 Nf3 65. h4
Nxh4 66. Rd7 Nf3 67. Rxf7+ Kg8 68. Rxf3 Kg7 69. Rf6 Kh7 70. Kf7 Kh8 71. Rf2 Kh7
72. Rh2# 1-0

[Event "Leibniz - Hettstedt"]
[Site "Internet Schulschachpokal"]
[Date "2004.01.23"]
[Round "1"]
[White "HeleneFan (Christoph Wolf)"]
[Black "fmschach (Falk Matiebe)"]
[Result "1-0"]
[WhiteElo "1829"]
[BlackElo "1712"]
[PlyCount "169"]
[EventDate "2003.11.19"]

1. e4 c5 2. c3 e6 3. Nf3 Nc6 4. d4 d5 5. exd5 exd5 6. Be3 cxd4 7. Nxd4 Nf6 8.
Bb5 Bd7 9. Qa4 Nxd4 10. Bxd7+ Qxd7 11. Qxd7+ Nxd7 12. Bxd4 f6 13. Nd2 Bd6 14.
Nf3 Kf7 15. Kd2 Rhe8 16. Rhe1 b6 17. Re3 Bf4 18. Kc2 Bxe3 19. Bxe3 Ne5 20.
Nxe5+ Rxe5 21. Rd1 Rc8 22. Kb3 Ke6 23. Bd4 Re2 24. Be3 Rc4 25. a3 Rg4 26. g3 h5
27. Ka2 h4 28. Kb1 hxg3 29. hxg3 Re4 30. Kc1 f5 31. Rh1 Kf7 32. Rh8 Re8 33. Rh5
Kg6 34. Rg5+ Kf6 35. Rh5 g6 36. Rh7 Re7 37. Rh8 Re1+ 38. Kd2 Rb1 39. Kc2 Rf1
40. Rd8 Ke6 41. Rg8 Kf7 42. Rd8 Ke6 43. Rg8 Rh1 44. Rxg6+ Kf7 45. Rd6 Re5 46.
Rd7+ Ke6 47. Rxa7 b5 48. Ra6+ Kd7 49. Bd4 Re2+ 50. Kb3 Rb1 51. Ra7+ Kc6 52.
Ra6+ Kb7 53. Rb6+ Kc7 54. Rxb5 Rbxb2+ 55. Ka4 Ra2 56. Rxd5 Kc6 57. Rxf5 Re8 58.
Rf6+ Kd5 59. Ra6 Rb8 60. g4 Kc4 61. Rc6+ Kd3 62. g5 Ra8+ 63. Kb5 Rb2+ 64. Kc5
Ra5+ 65. Kd6 Rxa3 66. g6 Ra8 67. g7 Rg8 68. Ke6 Re2+ 69. Kf7 Ra8 70. g8=Q Rxg8
71. Kxg8 Re1 72. f4 Rf1 73. Be5 Ke4 74. Rf6 Rf3 75. Kf7 Rd3 76. Rd6 Rh3 77. c4
Rh7+ 78. Ke6 Rh6+ 79. Kd7 Rh5 80. c5 Rh7+ 81. Kc6 Rf7 82. Kb6 Kf5 83. c6 Ke4
84. c7 Rf8 85. Kb7 1-0

[Event "Leibniz - Hettstedt"]
[Site "Internet Schulschachpokal"]
[Date "2004.01.23"]
[Round "1"]
[White "aikidomisca50 (Mischa Panchenko)"]
[Black "cookie (Sandra Krege)"]
[Result "0-1"]
[WhiteElo "1215"]
[BlackElo "2000"]
[PlyCount "162"]
[EventDate "2003.11.19"]

1. e4 c5 2. Nf3 Nc6 3. Nc3 e6 4. d3 d5 5. exd5 exd5 6. Bf4 Bg4 7. Be2 Be7 8.
O-O Nf6 9. Ne5 Bxe2 10. Qxe2 Nd4 11. Qd1 O-O 12. Bg5 Ne6 13. Bxf6 Bxf6 14. Ng4
Bxc3 15. bxc3 Qg5 16. Qf3 Rad8 17. c4 dxc4 18. dxc4 Nd4 19. Qh3 Nxc2 20. Rab1
b6 21. Ne3 Nxe3 22. fxe3 Rd3 23. Rfe1 Re8 24. Rb3 Rd2 25. e4 Qe5 26. Qf3 Qd4+
27. Rbe3 Rd3 28. Kh1 Rxe3 29. Qxe3 Qxe3 30. Rxe3 Rd8 31. h3 Rd2 32. a4 Rc2 33.
Rd3 g6 34. Rd7 Rxc4 35. Rxa7 Rxe4 36. Rb7 Re6 37. Kg1 Rf6 38. Kh2 Kf8 39. Kg3
Ke8 40. Ra7 Kd8 41. a5 bxa5 42. Rxa5 Rc6 43. Kf3 Ke7 44. Ke3 Ke6 45. Kd3 Rc7
46. Kc4 Kd6 47. Ra6+ Ke5 48. Ra5 Kf4 49. Ra2 Kg3 50. Re2 f5 51. Rd2 f4 52. Rc2
f3 53. gxf3 Kxh3 54. f4 Kg4 55. Rf2 h5 56. Rg2+ Kf5 57. Rg5+ Kf6 58. Rg2 Kf5
59. Rg5+ Kxf4 60. Rxg6 h4 61. Rg8 h3 62. Rf8+ Kg3 63. Rg8+ Kf2 64. Rf8+ Kg1 65.
Rg8+ Kh1 66. Rg6 h2 67. Rg8 Rf7 68. Kxc5 Rf2 69. Kd4 Rg2 70. Ra8 Rg4+ 71. Ke3
Kg2 72. Ra2+ Kh3 73. Ra1 Rg1 74. Ra7 h1=Q 75. Rh7+ Kg2 76. Rxh1 Rxh1 77. Kf4
Re1 78. Kf5 Kg3 79. Kg5 Re5+ 80. Kf6 Ra5 81. Ke6 Kf4 0-1

[Event "Leibniz - Hettstedt"]
[Site "Internet Schulschachpokal"]
[Date "2004.01.23"]
[Round "1"]
[White "heinzelmännchen (Alexander Hildebrand)"]
[Black "Psychomania (Martin Schalk)"]
[Result "1-0"]
[WhiteElo "1248"]
[BlackElo "1972"]
[PlyCount "117"]
[EventDate "2003.11.19"]

1. e4 c5 2. Nf3 Nc6 3. Nc3 e6 4. d4 cxd4 5. Nxd4 Nf6 6. Nxc6 bxc6 7. e5 Nd5 8.
Ne4 Qc7 9. f4 Be7 10. c4 Nb6 11. Nd6+ Bxd6 12. exd6 Qd8 13. Qd4 O-O 14. b3 f6
15. Bb2 a5 16. g3 a4 17. Bg2 axb3 18. axb3 Rxa1+ 19. Bxa1 Bb7 20. O-O c5 21.
Qxc5 Bxg2 22. Kxg2 Qa8+ 23. Kg1 Qb7 24. Bd4 Nc8 25. b4 Qa6 26. Ra1 Qxd6 27.
Qxd6 Nxd6 28. Bc5 Rc8 29. Bxd6 Rxc4 30. b5 Rc2 31. Rb1 Rd2 32. Bc5 Rc2 33. Bd6
Rd2 34. Ba3 Ra2 35. Rb3 Ra1+ 36. Kf2 Ra2+ 37. Bb2 Ra7 38. b6 Rb7 39. Ke3 Kf7
40. Kd4 d6 41. Kc4 Ke7 42. Kb5 Kd7 43. Ka6 Rb8 44. Ka7 Re8 45. b7 e5 46. b8=Q
Rxb8 47. Rxb8 Ke6 48. fxe5 fxe5 49. Rg8 g6 50. Rh8 d5 51. Rxh7 d4 52. Rg7 Kf5
53. Rd7 Ke4 54. h4 Ke3 55. g4 d3 56. Bxe5 d2 57. h5 gxh5 58. gxh5 Ke2 59. h6
1-0

[Event "Leibniz - Hettstedt"]
[Site "Internet Schulschachpokal"]
[Date "2004.01.23"]
[Round "2"]
[White "Psychomania (Martin Schalk)"]
[Black "aikidomisca50 (Mischa Panchenko)"]
[Result "1-0"]
[WhiteElo "1936"]
[BlackElo "1214"]
[PlyCount "37"]
[EventDate "2003.11.19"]

1. e4 e5 2. Nf3 Nc6 3. d4 Nf6 4. d5 Ne7 5. Nc3 d6 6. h3 Ng6 7. Bb5+ Bd7 8.
Bxd7+ Qxd7 9. Be3 a6 10. Qd2 O-O-O 11. O-O-O Nh5 12. g3 f5 13. exf5 Qxf5 14.
Ng5 Be7 15. Ne6 Rde8 16. g4 Qf3 17. gxh5 Qxh5 18. Nxg7 Ref8 19. Nxh5 1-0

[Event "Leibniz - Hettstedt"]
[Site "Internet Schulschachpokal"]
[Date "2004.01.23"]
[Round "2"]
[White "fmschach (Falk Matiebe)"]
[Black "debodo (Dennes Abel)"]
[Result "0-1"]
[WhiteElo "1700"]
[BlackElo "1927"]
[PlyCount "60"]
[EventDate "2003.11.19"]

1. e4 c5 2. Nf3 Nc6 3. d4 cxd4 4. Nxd4 Nf6 5. Nc3 e5 6. Ndb5 d6 7. Bg5 a6 8.
Na3 b5 9. Nd5 Be7 10. Bxf6 Bxf6 11. Bd3 Bb7 12. Qg4 Ne7 13. Nxf6+ gxf6 14.
O-O-O Rg8 15. Qh3 Ng6 16. Qxh7 Rh8 17. Qg7 Ke7 18. h4 Qd7 19. h5 Rag8 20. hxg6
Rxg7 21. Rxh8 Rxg6 22. g3 Qg4 23. Rdh1 Bxe4 24. Bxe4 Qxe4 25. Kb1 Rg8 26. R8h4
Rg4 27. Rh8 b4 28. Nb5 axb5 29. Rd1 f5 30. Rd8 Kxd8 0-1

[Event "Leibniz - Hettstedt"]
[Site "Internet Schulschachpokal"]
[Date "2004.01.23"]
[Round "2"]
[White "cookie (Sandra Krege)"]
[Black "HeleneFan (Christoph Wolf)"]
[Result "1/2-1/2"]
[WhiteElo "2001"]
[BlackElo "1841"]
[PlyCount "159"]
[EventDate "2003.11.19"]

1. e4 d6 2. d4 Nf6 3. Nc3 e5 4. dxe5 dxe5 5. Qxd8+ Kxd8 6. Bg5 Be6 7. O-O-O+
Nbd7 8. g3 Kc8 9. f4 h6 10. Bh4 Rg8 11. f5 g5 12. fxe6 fxe6 13. Bc4 gxh4 14.
Bxe6 hxg3 15. hxg3 Rxg3 16. Nge2 Rf3 17. Nd5 Nxd5 18. Rxd5 Bd6 19. Rxh6 Kd8 20.
Rh7 Rf1+ 21. Kd2 Nf6 22. Rh8+ Ke7 23. Rxa8 Kxe6 24. Rd3 Nxe4+ 25. Ke3 Kf5 26.
Rd5 Rh1 27. Kd3 c6 28. Rxd6 Rh3+ 29. Kc4 Nxd6+ 30. Kc5 Ne4+ 31. Kb4 Rh2 32.
Rf8+ Ke6 33. Nc3 a5+ 34. Kb3 Nxc3 35. Kxc3 Kd5 36. Rb8 b5 37. Rd8+ Kc5 38. Re8
b4+ 39. Kd3 Rh3+ 40. Ke4 Rh2 41. Rxe5+ Kc4 42. Re6 c5 43. b3+ Kb5 44. Kd3 Rh3+
45. Kd2 Rh2+ 46. Kd3 Rh7 47. Re8 Rd7+ 48. Ke2 c4 49. Rb8+ Kc5 50. Rc8+ Kd4 51.
Rxc4+ Kd5 52. Rh4 Re7+ 53. Kd3 Kc5 54. Rh5+ Kb6 55. Rh6+ Kb5 56. Rh5+ Kb6 57.
c3 Rd7+ 58. Kc2 Rg7 59. cxb4 Rg2+ 60. Kc3 axb4+ 61. Kxb4 Rxa2 62. Rh6+ Kb7 63.
Kb5 Rf2 64. b4 Rf5+ 65. Ka4 Rg5 66. b5 Rf5 67. Ka5 Rf1 68. Rh7+ Kb8 69. Ka6
Rf6+ 70. b6 Rf8 71. Re7 Rh8 72. Ra7 Rg8 73. Rf7 Rh8 74. Rf5 Rg8 75. Rb5 Rg1 76.
b7 Rg6+ 77. Ka5 Rg7 78. Ka6 Rg6+ 79. Rb6 Rxb6+ 80. Kxb6 1/2-1/2